[Event "IBCA-ol blind 17th"]
[Site "Vrnjacka Banja"]
[Date "2025.06.17"]
[Round "1.3"]
[White "Janjic, Stefan"]
[Black "Bashymow, Oraz"]
[Result "1-0"]
[WhiteElo "2042"]
[BlackElo "1912"]
[PlyCount "65"]
[EventDate "2025.06.17"]
[EventType "team-swiss"]
[EventRounds "9"]
[EventCountry "SRB"]
[SourceTitle "CB27_2025"]
[SourceDate "2025.07.02"]
[SourceVersion "1"]
[SourceVersionDate "2025.07.02"]
[SourceQuality "1"]
[WhiteTeam "Serbia"]
[BlackTeam "Turkmenistan"]
[WhiteTeamCountry "SRB"]
[BlackTeamCountry "TKM"]

1. d4 Nf6 2. Nf3 c5 3. d5 d6 4. Nc3 e5 5. e4 Be7 6. Bb5+ Bd7 7. a4 a6 8. Be2 0-0 9. Nd2 Ne8 10. Nc4 f5 11. exf5 Bxf5 12. 0-0 Nd7 13. Ne3 Bg6 14. Bd3 Bxd3 15. Qxd3 Nc7 16. Ra3 Rb8 17. a5 Kh8 18. Ra4 Qe8 19. Nf5 Qf7 20. Nxe7 Qxe7 21. Be3 Qf7 22. Rh4 Qf5 23. Qxf5 Rxf5 24. b4 b5 25. axb6 Rxb6 26. Rb1 Rf8 27. bxc5 Rxb1+ 28. Nxb1 Nxc5 29. Bxc5 dxc5 30. Rc4 Nxd5 31. Rxc5 Rd8 32. g3 e4 33. Na3 1-0